Statistiques concernant Pokémons de départ

Cliquez ici pour prendre le quiz!

Statistiques générales

  • Ce quiz a été pris 3 273 fois
  • Le résultat moyen est 15 sur 18

Statistiques - réponses

HintRéponse% Correct
ISalamèche
99%
ICarapuce
98%
IBulbizarre
97%
IIHéricendre
87%
IIKaiminus
87%
IIIPoussifeu
87%
IIIGobou
86%
IVTiplouf
86%
IIIArcko
83%
IVTortipouss
83%
IIGermignon
82%
IVOuisticram
82%
VMoustillon
74%
VIGrenousse
73%
VGruikui
73%
VVipélierre
71%
VIFeunnec
67%
VIMarisson
65%

Distribution des résultats

Percentile par nombre de réponses

% des personnes avec chaque résultat

Votre développement - résultats

Vous n’avez pas pris ce quiz